Getting organized at work : 24 lessons to set goals, establish priorities, and manage your time (Record no. 70489)

000 -LEADER
fixed length control field 00510nam a22001697a 4500
003 - CONTROL NUMBER IDENTIFIER
control field NUST - PNEC
005 - DATE AND TIME OF LATEST TRANSACTION
control field 20170116181141.0
008 - FIXED-LENGTH DATA ELEMENTS--GENERAL INFORMATION
fixed length control field 151008b xxu||||| |||| 00| 0 eng d
020 ## - INTERNATIONAL STANDARD BOOK NUMBER
International Standard Book Number 0071457798
040 ## - CATALOGING SOURCE
Transcribing agency LIBRARY
082 ## - DEWEY DECIMAL CLASSIFICATION NUMBER
Classification number 650.11 ZEI
100 ## - MAIN ENTRY--PERSONAL NAME
9 (RLIN) 14655
Personal name Zeigler, Kenneth
245 ## - TITLE STATEMENT
Title Getting organized at work : 24 lessons to set goals, establish priorities, and manage your time
Statement of responsibility, etc. Kenneth Zeigler, Kenneth
260 ## - PUBLICATION, DISTRIBUTION, ETC.
Date of publication, distribution, etc. c2005.
650 ## - SUBJECT ADDED ENTRY--TOPICAL TERM
9 (RLIN) 14663
Topical term or geographic name entry element Office management
General subdivision IME
942 ## - ADDED ENTRY ELEMENTS (KOHA)
Source of classification or shelving scheme
Koha item type Book
Holdings
Withdrawn status Lost status Source of classification or shelving scheme Damaged status Not for loan Permanent Location Current Location Shelving location Date acquired Total Checkouts Full call number Barcode Date last seen Price effective from Koha item type
          Pakistan Navy Engineering College (PNEC) Pakistan Navy Engineering College (PNEC)       650.11 ZEI PNECLIB-029811 10/08/2015   Book
© 2023 Central Library, National University of Sciences and Technology. All Rights Reserved.